000 00414 a2200169 4500
003 OSt
005 20180116182721.0
008 160429b xxu||||| |||| 00| 0 eng d
020 _a8129704536
040 _c0
100 _aChristopher Lovelock
245 _aServices marketing people, technolgoy, strategy.
250 _a5th
260 _aNew Delhi
_c2005
300 _a674
942 _aNBS
_cBK
_k658.8 LOV
_2ddc
999 _c344695
_d344695